• 首页
  • 本馆介绍
  • 公告通知
  • 最新文献
  • 馆藏检索
  • 电子资源
  • 读者导购
  • 参考咨询
  • 我的图书馆
  • 登录
  • 详细信息显示
  • 放入我的书架
  • 预约/预借图书
  • 作者相关作品
  • 分类相关作品
  • 丛书相关作品
  • 出版社相关作品

书目信息

  • 表格格式
  • 工作单格式
  • 卡片格式
题名:
昆虫物语
    
 
作者: 梅特林克 著 ;黄瑾瑜 译
分册:  
出版信息: 北京   北京时代华文书局  2018
页数: 253页
开本: 21cm
丛书名: 诺奖得主人文译丛
单 册:
中图分类: Q969.54
科图分类:
主题词: 蚁科--yi ke--普及读物
电子资源:
ISBN: 978-7-5699-2112-0
000 01233nam 2200289 450
001 012001003431
005 20140130155450.0
010    @a978-7-5699-2112-0@dCNY40.00
099    @aCAL 012018090412
100    @a20180709d2018 em y0chiy50 ea
101 1  @achi@cfre
102    @aCN@b110000
105    @aa z 000yy
106    @ar
200 1  @a昆虫物语@Akun chong wu yu@f(比) 莫里斯·梅特林克著@d= Insect story@fMaurice Maeterlinck@g黄瑾瑜译@zeng
210    @a北京@c北京时代华文书局@d2018
215    @a253页@c图@d21cm
225 2  @a诺奖得主人文译丛@Anuo jiang de zhu ren wen yi cong
330    @a对那些连熟知蚂蚁的人都知之甚少的事情, 本书作者几乎不会涉及。在观察期间所做的笔记和实验, 由于阐述的内容十分专业、涉及的范围又十分狭窄, 作者会将其留给更加专业的著作。因为他不希望这本书承载过多的压力, 就像一个对某个话题极为喜欢熟悉的人, 同一个对此话题一无所知的人聊天一样, 他只是想简单地聊聊蚂蚁族群而已。
410  0 @12001 @a诺奖得主人文译丛
510 1  @aInsect story@zeng
606 0  @a蚁科@Ayi ke@j普及读物
690    @aQ969.54@v5
701  1 @a梅特林克@Amei te lin ke@g(Maeterlinck, Maurice),@f1862-1949@4著
702  0 @a黄瑾瑜@Ahuang jin yu@4译
801  2 @aCN@b北京卓展@c20191020
905    @b1211616-9@dQ969.54@e62@f4
    
    昆虫物语/(比) 莫里斯·梅特林克著= Insect story/Maurice Maeterlinck/黄瑾瑜译.-北京:北京时代华文书局,2018
    253页:图;21cm.-(诺奖得主人文译丛)
    
    
    ISBN 978-7-5699-2112-0:CNY40.00
    对那些连熟知蚂蚁的人都知之甚少的事情, 本书作者几乎不会涉及。在观察期间所做的笔记和实验, 由于阐述的内容十分专业、涉及的范围又十分狭窄, 作者会将其留给更加专业的著作。因为他不希望这本书承载过多的压力, 就像一个对某个话题极为喜欢熟悉的人, 同一个对此话题一无所知的人聊天一样, 他只是想简单地聊聊蚂蚁族群而已。
●
相关链接 在E读中查询图书 在五车中查询图书 在当当中查询图书 在豆瓣中查询图书


正题名:昆虫物语     索取号:Q969.54/62         预约/预借

序号 登录号 条形码 馆藏地/架位号 状态 备注
1 1211616   212116164   第二样本阅览室/ [索取号:Q969.54/62] 在馆    
2 1211617   212116173   第三借阅区/ [索取号:Q969.54/62] 在馆    
3 1211618   212116182   第三借阅区/ [索取号:Q969.54/62] 在馆    
4 1211619   212116191   第三借阅区/ [索取号:Q969.54/62] 在馆    
唐山师范学院图书馆 欢迎您!
大连网信软件有限公司© 版权所有